MARC

LEADER 00000nam0a2200000 4500
001 283634
005 20231101235621.0
035 |a (RuTPU)RU\TPU\book\307757 
090 |a 283634 
100 |a 20150209d1984 k y0rusy50 ca 
101 0 |a rus 
102 |a RU 
105 |a a z 001zy 
200 1 |a Инженерные методы оценки и контроля качества в серийном производстве  |f Л. И. Карпов, В. Г. Литвинов, В. А. Яворский 
210 |a Москва  |c Изд-во стандартов  |d 1984 
215 |a 216 с.  |c ил. 
320 |a Библиогр.: с. 212-214 
606 1 |a Промышленная продукция  |x Качество  |x Планирование  |2 stltpush  |3 (RuTPU)RU\TPU\subj\52224  |9 70712 
606 1 |a Серийное производство  |2 stltpush  |3 (RuTPU)RU\TPU\subj\54681  |9 72789 
610 1 |a оценка 
610 1 |a контроль 
610 1 |a инженерные методы 
610 1 |a технологические процессы 
610 1 |a выборочный контроль 
610 1 |a партии 
610 1 |a погрешности 
675 |a 658.52  |v 3 
675 |a 658.562  |v 3 
700 1 |a Карпов  |b Л. И.  |g Леонид Иванович 
701 1 |a Литвинов  |b В. Г.  |g Владимир Григорьевич 
701 1 |a Яворский  |b В. А.  |g Валерий Анатольевич 
801 1 |a RU  |b 63413507  |c 20150209 
801 2 |a RU  |b 63413507  |c 20180216  |g RCR 
942 |c BK